| Tag |
First Indicator |
Second Indicator |
Subfields |
| LEADER |
00000pam a2200000 i 4500 |
| 001 |
in00000665142 |
| 005 |
20151015080127.0 |
| 008 |
790807s1980 miu b 00110 eng |
| 010 |
|
|
|a 79019592
|
| 020 |
|
|
|a 047209310X :
|c $15.00
|
| 035 |
|
|
|a (OCoLC)05310513
|
| 035 |
|
|
|9 ACX5938AM
|
| 040 |
|
|
|a DLC
|c DLC
|d TXA
|d UtOrBLW
|
| 043 |
|
|
|a e-sw---
|a n-us---
|
| 049 |
|
|
|a TXAM
|c [1384725]
|
| 050 |
0 |
0 |
|a TD883.2
|b .L86 1980
|
| 082 |
0 |
|
|a 353.008/232
|
| 100 |
1 |
|
|a Lundqvist, Lennart,
|d 1939-
|
| 245 |
1 |
4 |
|a The hare and the tortoise :
|b clean air policies in the United States and Sweden /
|c Lennart J. Lundqvist.
|
| 264 |
|
1 |
|a Ann Arbor :
|b University of Michigan Press,
|c [1980]
|
| 264 |
|
4 |
|c ©1980
|
| 300 |
|
|
|a xii, 236 pages ;
|c 24 cm.
|
| 336 |
|
|
|a text
|b txt
|2 rdacontent
|
| 337 |
|
|
|a unmediated
|b n
|2 rdamedia
|
| 338 |
|
|
|a volume
|b nc
|2 rdacarrier
|
| 500 |
|
|
|a Includes index.
|
| 504 |
|
|
|a Bibliography: pages 225-232.
|
| 650 |
|
0 |
|a Air
|x Pollution
|z United States.
|
| 650 |
|
0 |
|a Air
|x Pollution
|z Sweden.
|
| 650 |
|
0 |
|a Air
|x Pollution
|x Law and legislation
|z United States.
|
| 650 |
|
0 |
|a Air
|x Pollution
|x Law and legislation
|z Sweden.
|
| 999 |
|
|
|a MARS
|
| 999 |
f |
f |
|s e3942fa9-51db-3f55-92f5-094628e42615
|i 91c968a7-371f-364c-b1c5-0f232943e829
|t 0
|
| 952 |
f |
f |
|p ric
|a Texas A&M University
|b Rellis Campus
|c Joint Library Facility
|d Remote Storage
|t 0
|e TD883.2 .L86 1980
|h Library of Congress classification
|i unmediated -- volume
|m A14805370198
|
| 998 |
f |
f |
|a TD883.2 .L86 1980
|t 0
|l Remote Storage
|